000 00750nam a2200253Ia 4500
003 OSt
005 20220928115707.0
006 a|||||r|||| 00| 0
007 ta
008 220927b |||||||| |||| 00| 0 eng d
020 _cEURO 94.99
024 _a137132
037 _b137, 09/02/2018, Onkar Book Agency
_cTextual
040 _aSDCL
_cSDCL
_beng
041 _2eng
_aeng
082 _aI,1132:f3, Q7
100 _aBusch Wolfgang Ed.
_9445596
245 0 _aPlant genomics
_b Methods and protocols
260 _aNew York
_b Humana Press
_c2017
300 _axi,317p.
_ccm.
650 _aGenetics
942 _hI,1132:f3, Q7
_cTEXL
_2CC
999 _c760513
_d760513